Jak dobrze znasz brandy napojów energetycznych - Statystyki

Ogólne statystyki
  • Ten quiz został rozwiązany 3 109 razy
  • Średni wynik to 6 z 15
Statystyki odpowiedzi
Jak dobrze znasz reklamy napojów energetycznych? Odpowiedź % Poprawnych
Podobno dodaje skrzydeł Red Bull
98%
Energetyk którego reklamuje Mike Tason Black
93%
Potworny energetyk który sponsoruje wiele sportów motorowych Monster
92%
Napój Energetyczny który nie mile zasłynął z reklamy związanej z Polską niepodległością Tiger
87%
Gwiazdka z R w środku Rockstar
77%
Podobno sie Pali Burn
63%
Popek i Borixon lubią to Albański Raj
16%
Od 2018 roku na każdej z puszek tego energola widnieje jakiś żużlowiec , kiedyś reklamował go Robert Kubica Ngine
16%
Przez twe oczy te oczy zielone... Zenek
16%
Stawiamy na naszych! Oficjalny energetyk Reprezentacji Polski w Piłkę Nożną Las Vegas
8%
Partyjny napój energetyczny Korwin
4%
Energia (klub piłkarski) #MocniRazem Energia Lecha
2%
Zasłynął z większej dawki kofeiny niż poprzednicy , na każdej puszcze widnieje oko zwierzęcia Green Up
2%
Podobno pomocne dla maturzystów Mature
1%
puszka wygląda jak puszka po piance od golenia Volt
1%
Nie znaleziono quizów pasujących do podanych kryteriów
Rozkład punktacji
Procent ludzi z każdym wynikiem
Percentyl według liczby udzielonych odpowiedzi
Twoja historia wyników
Nie rozwiązałeś tego quizu